Saeima, vārdi un demokrātija

Titel: Saeima, vārdi un demokrātija : pilsonis, latvietis, nodokļu maksātājs : pilsoniskā sabiedrība Latvijas parlamentārajā diskursā / Ivars Ijabs ; Sergejs Kruks
Verfasser:
Beteiligt:
Veröffentlicht: Rīga : Sorosa Fonds Latvija, 2008
Umfang: 190 S. : Graph. Darst.
Format: Buch
Sprache: Lettisch
Schlagworte:
ISBN: 9789984798554
Buchumschlag
X
Lokale Klassifikation: 46 7 V ; 46 7 U ; 46 7 M ; 46 10 A
alg: 31512907
001A    $03004:07-01-13 
001B    $06060:23-10-24 $t00:34:39.000 
001C    $03004:21-01-15 $t13:36:57.000 
001D    $03004:21-01-15 
001U    $0utf8 
001X    $00 
002@    $0Aau 
003@    $0315129077 
004A    $A978-9984-798-55-4 
007A    $0315129077 $aHEB 
007G    $0DE02008FD65CE469A6D9CC1257DF700329CB1 
009P    $qapplication/pdf $A2 $3Inhaltsverzeichnis $uhttp://scans.hebis.de/HEBCGI/show.pl?31512907_toc.pdf $mV:DE-603;B:DE-Mb50 
010@    $alav 
011@    $a2008 
021A    $aSaeima, vārdi un demokrātija $dpilsonis, latvietis, nodokļu maksātājs : pilsoniskā sabiedrība Latvijas parlamentārajā diskursā $hIvars Ijabs ; Sergejs Kruks 
028A    $#Ijabs, Ivars $7133393070 $8Ījabs, Ivars$Z1972- [Tp1] $9190525266 
028B/01 $7 $8Kruks, Sergejs [Tnd] $9227840941 
033A    $pRīga $nSorosa Fonds Latvija 
034D    $a190 S. 
034M    $aGraph. Darst. 
044K    $#Lettland $#Lettland $#Republik Lettland $#Latvija $#Latvijas Republika $#Lettische Republik $#Lettische SSR $#Latvijskaja SSR $74074187-4 $8Lettland [Tg1] $9085208876 
044K    $RPolitische Auseinandersetzung $#Legislative bodies Freedom of debate $#Parlements Liberté de parole $#Parlamentsdebatte $#Debatte Parlament $74173376-9 $8Parlamentsdebatte [Ts1] $9085804576 
044K    $#Politics and government $#Politics, Practical $#Politique et gouvernement $#Pratiques politiques $#Politica $#policies $#Politics $#Politik $#Politik $#Staatspolitik $#Politische Lage $#Politische Entwicklung $#Politische Situation $74046514-7 $8Politik [Tsz] $9085129836 
044K    $RSprache $#Rhetoric Political aspects $#Langage politique $#Retórica Aspectos políticos $#Politik Sprache $#Politsprache $#Sprache Politik $#Politik Fachsprache $#Politischer Begriff $#Begriff Politik $74046559-7 $8Politische Sprache [Ts1] $9085129941 
044K    $RGesellschaft $RBürgerliche Gesellschaft $#Civil society $#Société civile $#Sociedad civil $#Zivilgesellschaft $#Zivilgesellschaft $#Bürgergesellschaft $#Civil society $#Demokratische Bürgergesellschaft $77668631-0 $8Zivilgesellschaft [Ts1] $9214491838 
045F    $a909 $eDDC23BSB 
045F/01 $a909 
045F/03 $g4796 
045G    $a400 $eDDC23BSB 
045G/01 $a400 
045G/03 $g4796 

lok: 31512907 24
101B    $021-01-15 $t12:54:38.000 
101C    $021-01-15 
101U    $0utf8 
145Z/01 $a46 7 V 
145Z/02 $a46 7 U 
145Z/03 $a46 7 M 
145Z/04 $a46 10 A 

exp: 31512907 24 1 #EPN
201B/01 $021-01-15 $t13:05:11.000 
201C/01 $007-01-13 
201U/01 $0utf8 
203@/01 $0660149389 
208@/01 $a21-01-15 $bz 
209A/01 $a15.00306 $du $f050 $h15 00306 $x00 
209C/01 $a15.00306 K $h15 00306 K 
209G/01 $a73651395 $x00 
220C/01 $amar 
247C/01 $8358050-7 Marburg, Bibliothek des Herder-Instituts Marburg $9102600961
LEADER 00000cam a2200000 c 4500
001 315129077
003 DE-603
005 20241023003439.0
007 tu
008 130107s2008 xx |||| | u00||u|lav c
020 |a 9789984798554 
035 |a (DE-599)HEB315129077 
040 |a DE-603  |b ger  |c DE-603  |d DE-603 
041 |a lav 
082 0 4 |8 1\u  |a 909  |q DE-101  |2 23/BSB 
083 0 |8 2\u  |a 400  |q DE-101  |2 23/BSB 
085 |8 1\u  |b 909 
085 |8 1\u  |z 2  |s 4796 
085 |8 2\u  |b 400 
085 |8 2\u  |z 2  |s 4796 
100 1 |a Ījabs, Ivars  |d 1972-  |0 (DE-603)190525266  |0 (DE-588)133393070  |2 gnd 
245 0 0 |a Saeima, vārdi un demokrātija  |b pilsonis, latvietis, nodokļu maksātājs : pilsoniskā sabiedrība Latvijas parlamentārajā diskursā  |c Ivars Ijabs ; Sergejs Kruks 
264 1 |a Rīga  |b Sorosa Fonds Latvija  |c 2008 
300 |a 190 S.  |b Graph. Darst. 
650 7 |a Parlamentsdebatte  |0 (DE-588)4173376-9  |0 (DE-603)085804576  |2 gnd 
650 7 |a Politik  |0 (DE-588)4046514-7  |0 (DE-603)085129836  |2 gnd 
650 7 |a Politische Sprache  |0 (DE-588)4046559-7  |0 (DE-603)085129941  |2 gnd 
650 7 |a Zivilgesellschaft  |0 (DE-588)7668631-0  |0 (DE-603)214491838  |2 gnd 
651 7 |a Lettland  |0 (DE-588)4074187-4  |0 (DE-603)085208876  |2 gnd 
700 1 |a Kruks, Sergejs  |0 (DE-603)227840941 
856 4 2 |m V:DE-603;B:DE-Mb50  |q application/pdf  |u http://scans.hebis.de/HEBCGI/show.pl?31512907_toc.pdf  |3 Inhaltsverzeichnis 
924 0 |9 Mb 50  |a (DE-603)660149389  |b DE-Mb50  |c HES  |d c  |g 15.00306